000 01436nam a2200313 a 4500
001 000014109
005 20250701121838.0
008 091204s2009 dr 000 0 spa d
020 _a9789945406979
040 _aDO-SdBNP
_bspa
_cBNPHU
082 _a100
_bV297p
100 1 _aVargas Peña, Daniel
_931927
245 1 0 _aAl paso de los sabios :
_bsenderos de la filosofía /
_cDaniel Vargas Peña.
260 _aSanto Domingo :
_bSEESCyT,
_c2009.
300 _a483 p. ;
_c23 cm.
490 1 _aHumanidades
490 1 _aFilosofía
_v1
500 _aIncluye referencias bibliográficas y notas al pie de las páginas
504 _aBibliografía : p. 467-476
505 0 _aEl desafío del filosofar --
_tRaíces del engaño --
_tLo humano, la ética y la educación --
_tEl sistema ético-moral: últimos hallazgos --
_tLa vocación trascendentes humana --
_tFilosofía y técnica --
_tPaseo por la historia de la filosofía
590 _aInventariado, 2018 /LP
650 4 _aHistoria de la filosofía
_xEnsayos, conferencias, etc.
_931928
650 4 _aSabiduría
_xEnsayos, conferencias, etc.
_931929
650 4 _aEngaño
_xEnsayos, conferencias, etc.
_931930
650 4 _aFilosofía
_xAspectos morales y éticos
_931931
710 1 _aRepública Dominicana.
_bSecretaría de Estado de Educación Superior, Ciencia y Tecnología
_918778
830 0 _aHumanidades
_pFilosofía
_n1
_931932
910 _aValidado. Control de calidad MMOLINA
999 _c13711
_d13711